U.S. Cities With Most Brazilian Immigrants - Statistics

General Stats
  • This quiz has been taken 131 times
  • The average score is 8 of 10
Answer Stats
People Answer % Correct
250.000 Miami
99%
285.000 New York City
99%
105.000 Los Angeles
96%
350.000 Boston
94%
85.000 Houston
87%
55.000 Chicago
86%
60.000 San Francisco
81%
40.000 Washington D.C.
78%
100.000 Atlanta
73%
80.000 Hartford
18%
No matching quizzes found
Score Distribution
Percent of People with Each Score
Percentile by Number Answered
Your Score History
You have not taken this quiz